Pump Handbook (Record no. 18522)
[ view plain ]
| 000 -LEADER | |
|---|---|
| fixed length control field | 00305nam a22001457a 4500 |
| 005 - DATE AND TIME OF LATEST TRANSACTION | |
| control field | 20230524204244.0 |
| 008 - FIXED-LENGTH DATA ELEMENTS--GENERAL INFORMATION | |
| fixed length control field | 230524b |||||||| |||| 00| 0 eng d |
| 082 ## - DEWEY DECIMAL CLASSIFICATION NUMBER | |
| Classification number | 621.6 |
| Item number | KSB-P |
| 100 ## - MAIN ENTRY--AUTHOR | |
| Author Name | KSB |
| 245 ## - TITLE STATEMENT | |
| Title | Pump Handbook |
| 260 ## - PUBLICATION, DISTRIBUTION, ETC. | |
| Place of Publication | India |
| 300 ## - PHYSICAL DESCRIPTION | |
| Pages | 183 |
| 650 ## - SUBJECT ADDED ENTRY--TOPICAL TERM | |
| Subject / Department | Engineering |
| 952 ## - LOCATION AND ITEM INFORMATION (KOHA) | |
| -- | 0 |
| -- | 0 |
| Lost status | Damaged status | Permanent Location | Current Location | Shelving Location | Date acquired | Full Call Number | Accession No./Barcode | Date last seen | item type |
|---|---|---|---|---|---|---|---|---|---|
| Superior Information Resource Center (SIRC) Superior University- Central Library | Superior Information Resource Center (SIRC) Superior University- Central Library | Engineering | 05/24/2023 | 621.6 KSB-P 2004 | 15453 | 05/24/2023 | BOOK |
